000 00462nam a2200145Ia 4500
008 231129s2011||||xx |||||||||||||| ||spa||
020 _a978-84-342-3299-0 (v
040 _bspa
082 _aR (i) 780.7 C112e
100 _aCabacés Roser
245 0 _aExploremos la naturaleza de la música: Actividades para aprender experimentar y jugar con la música
260 _c2011
264 _aParramón Ediciones
942 _2ddc
_cBKS
999 _c13817
_d13817